000 00671nam a22001937a 4500
003 OSt
005 20251121092312.0
008 251121b |||||||| |||| 00| 0 eng d
020 _a0-8036-6191-6
040 _aDWC-Main lib
_cOC
082 _aCirc. 610.73 M647 1983
100 _aMiller, J.
245 _aCoping with chronic illness :
_b overcoming powerlessness
_cMiller, Judith F.
260 _as. l. :
_bDavid Company,
_cc1983
300 _axv, 315 pages :
_c23 cm.
504 _aIncludes bibliographical references and index
650 _2Nursing-psychological aspects
942 _2ddc
_cBK-CIRC
_hCirc. 610.73 M647 1983
_kCirc.
_n0
999 _c5950
_d5950